000
00214nam a2200097 4500
022
_a
1759-2115
245
_a
THE BMJ (THE BRITISH MEDICAL JOURNAL)
260
_a
LONDON
_b
BMJ
_c
2015
310
_a
WEEKLY
942
_2
ddc
_c
LJ
999
_c
6543
_d
6543